О разрешении Уфимским губернскому и уездным земствам вносить сметы суммы на выдачу пенсий бывшим земским служащим и их семьям

RUSMARC
00005547cbm2a2200000#x 450
0013760d96f39e0477ebb2d81e79b134cb7
00520230417100114.0
100##$a20130913l19171917k y0rusy0189 ca
1010#$arus
102##$aRU
251##$cДело
2250#$aФонд Совет министров (1905-1917)
$hОпись № 13
$i1917 г.
300##$aМашинописный текст, с рукописными пометами
300##$aОригинальный заголовок дела: О разрешении Уфимским губернатору и уездным земствам вносить ежегодно в сметы обязательных расходов ассигнования для выдачи пенсий бывшим земским служащим и их семействам
324##$aПленка
801#0$aRU
$bРГИА
$c20130913
801#1$aRU
$bГлавНИВЦ
$c20130913
$2rusmarc
801#2$aRU
$bПБ им. Б.Н. Ельцина
$c20130913
$gRCR
$2rusmarc
850##$aФедеральное казенное учреждение "Российский государственный исторический архив"
852##$aРГИА
$j12
937##$aASBIBLIO_SCAN
$bРГИА_1276:_13:_12:
$d1792990
$hРГИА
2001#$aО разрешении Уфимским губернскому и уездным земствам вносить сметы суммы на выдачу пенсий бывшим земским служащим и их семьям
$j25 января 1917 года
215##$a2 листа
035##$a3760d96f39e0477ebb2d81e79b134cb7
1220#$ad19170125##
5171#$aО разрешении Уфимским губернатору и уездным земствам вносить ежегодно в сметы обязательных расходов ассигнования для выдачи пенсий бывшим земским служащим и их семействам
461#0$1001c7912e80-a322-4844-9992-beca65726c82
$12001
$aСовет министров (1905-1917)
$1251
$cФонд
$1852
$j1276
462#0$10014b13ce9a-5960-4861-905a-5a59b3ddbd87
$12001
$a1917 г.
$vД. 12
$1251
$cОпись
$1852
$j13
6061#$2nlr_sh
$3RU\NLR\AUTH\661495733
$aЗемство
$jАрхивные дела
$xИстория
$yУфимская губерния
6061#$2prlib_sh
$3LIBNET\UAF\0000106843
$aГосударственные служащие
$jАрхивные дела
$xСоциальная помощь
$yРоссия
$z1914 - 1918
605##$2acquisition_Prlib
$3LIBNET\UAF\0000106762
$aСемья и традиционные семейные ценности в России как основа российской государственности
$lколлекция
605##$2acquisition_Prlib
$3DITM\AF\0000003834
$aНарод
$lколлекция
686##$2rubbk
$a63.3(2)534-28ю1
$vLBC/M
686##$2rubbk
$a63.3(28-8Уфи)53ю1
$vLBC/M
Формат отображения